| 000 | 00738cam a22002535a 4500 | ||
|---|---|---|---|
| 001 | 016877480 | ||
| 003 | OSt | ||
| 005 | 20170108101720.0 | ||
| 008 | 140923s2014 enk frb 000 0 eng d | ||
| 020 | _a9781857437577 | ||
| 040 |
_aStDuBDS _beng _cStDuBDS _dEG-ScBUE |
||
| 082 | 0 | 4 |
_222 _a305.3 _bPOL |
| 245 | 0 | 4 |
_aThe politics of gender : _ba survey / _cedited by Yoke-Lian Lee. |
| 260 |
_aOxfordshire ; _aNew York ; _bRoutlege, _c2014. |
||
| 300 |
_axv, 384 p. ; _c24 cm. |
||
| 504 | _aBibliography : p. 345-384. | ||
| 650 | 0 |
_aSex role. _2BUEsh |
|
| 650 | 0 |
_aSexism. _2BUEsh |
|
| 650 | 0 |
_aSexism in political culture. _2BUEsh |
|
| 651 | _2BUEsh | ||
| 653 |
_bBUSBOL _cJanuary2017 |
||
| 700 | 1 |
_aLee, Yoke-Lian, _eeditor. |
|
| 942 | _2ddc | ||
| 999 |
_c23855 _d23827 |
||